000 00773nam a22002177a 4500
003 UA-OsUOA
001 134104
007 ta
008 20181120b un ||||| |||| 00| 0 ukr d
100 _aПетраков Я. В.
090 _a330(477)
_bП30
942 _cSA
040 _aUA-OsUOA
_bukr
_cUA-OsUOA
_dUA-OsUOA
245 _aЗастосування фіскальних інструментів у процесі модернізації електроенергетики в Україні: від нормопроектування до оцінки впливу
300 _aС.112
955 _a0
041 _aukr
080 _a330(477)
773 0 _w134097
_tФінанси України
_dК.
_d2018
_g9
650 7 _a330 Економіка взагалі
_2UDC
999 _c422988
_d422988